00482nam a2200193 a 4500001001300000003000900013005001700022008004100039020001000080082001600090100001600106245002500122260003100147300000900178500003500187505003000222650002000252700001600272nice12345678IN_TiNIC20260116011353.0050524s1899 teha grp 000 0 ara  ac10000a297.82bIQB aIqbal, Abba aKhandan-E-Naw Bakhti aTehranbMajlis Pressc1899 a297p aincludes index and biblioraphy2 aVol.3, 2 Copies and Vol.4 aShiah-Naubakhti1 aIqbal, Abba